000 00740nam a2200229 a 4500
001 13641
003 BD-JhCC
005 20240312144346.0
008 240312b 2003b |||| ||a| 001 0 b d
020 _a9840742833
035 _a(BD-JhCC)13641
040 _aBD-JhCC
_dBD-JhCC
041 _aben
082 _a590.25
_bPAL 2003
100 _a পাল, নিশীথ কুমার
245 _aউদ্ভিদবিজ্ঞানের ইতিহাস /
_bনিশীথ কুমার পাল
260 _aঢাকা:
_bবাংলা একাডেমী;
_c2003.
300 _a296 p. :
_c22 cm.
650 _aউদ্ভিদ বিজ্ঞানের ইতিহাস
942 _2ddc
_cBK
999 _c13641
_d13641